Atlas d'initiation aux cartes et coupes géologiques (notice n° 2031483)
[ vue normale ]
| 000 -LEADER | |
|---|---|
| fixed length control field | 01414cam a2200145 4500500 |
| 005 - DATE AND TIME OF LATEST TRANSACTION | |
| control field | 20260329082939.0 |
| 041 ## - LANGUAGE CODE | |
| Language code of text/sound track or separate title | fre |
| 042 ## - AUTHENTICATION CODE | |
| Authentication code | dc |
| 100 10 - MAIN ENTRY--PERSONAL NAME | |
| Personal name | Sorel, Denis |
| Relator term | author |
| 245 00 - TITLE STATEMENT | |
| Title | Atlas d'initiation aux cartes et coupes géologiques |
| 260 ## - PUBLICATION, DISTRIBUTION, ETC. | |
| Name of publisher, distributor, etc. | Dunod,<br/> |
| Date of publication, distribution, etc. | 2018.<br/> |
| 520 ## - SUMMARY, ETC. | |
| Summary, etc. | Cet ouvrage expose de manière synthétique les bases de la lecture de cartes géologiques et de la réalisation de coupes géologiques, documents indispensables aux géologues de toutes spécialités. A jour des nouvelles sources de données, il est illustré de photographies aériennes stéréoscopiques et d'images satellites accompagnées de leurs décryptages, ainsi que de nombreux schémas et exemples simples. Une vingtaine d'extraits de cartes géologiques en couleurs permettent d'aborder les structures typiques (failles, plis, chevauchements, chronologie...) dans différents types de terrains. Chaque extrait est accompagné d'une coupe géologique réalisée et interprétée d'après les seules données de la carte. L'ensemble est commenté pour aider le lecteur à tirer parti des points essentiels. Cette nouvelle édition actualisée s'enrichit d'un chapitre sur la lecture des cartes géologiques à grande échelle. |
| 700 10 - ADDED ENTRY--PERSONAL NAME | |
| Personal name | Vergély, Pierre |
| Relator term | author |
| 856 41 - ELECTRONIC LOCATION AND ACCESS | |
| Uniform Resource Identifier | <a href="https://stm.cairn.info/atlas-d-initiation-aux-cartes-et-coupes-geologiques--9782100791439?lang=fr&redirect-ssocas=7080">https://stm.cairn.info/atlas-d-initiation-aux-cartes-et-coupes-geologiques--9782100791439?lang=fr&redirect-ssocas=7080</a> |
Pas d'exemplaire disponible.




Réseaux sociaux